| 000 | 00489nam a22001697a 4500 | ||
|---|---|---|---|
| 999 |
_c160625 _d160625 |
||
| 005 | 20190206161743.0 | ||
| 010 | _aA-997949 | ||
| 020 |
_a8170561523 _c400.00 |
||
| 035 | _aA-997949 | ||
| 037 | _bPanchsheel Prakashan | ||
| 082 | _a954.42 | ||
| 100 | _aSaxena, R.K. | ||
| 245 |
_aPeasant and the state: _ba study of 18th century rajputana _cR.K. Saxena |
||
| 260 |
_aJaipur _bPanchsheel Prakashan _c1999 |
||
| 300 |
_a326p. _c22cm(hbk) |
||
| 942 |
_2ddc _cEN _h945.42 _mSAX |
||